Bundesliga-Relegation (Alle Spiele) - Statistiken

Allgemein
  • Dieses Quiz wurde 565 mal gespielt
    135 seit der letzten Aktualisierung
  • Das Durchschnittsergebnis liegt bei 17 aus 27
Antwortstatistiken
Saison Gegner
(aus Bundesliga)
Ausgang
(aus Sicht des
Zweitligisten)
Zweitligist % Korrekt
2021/22 Hertha BSC verloren Hamburger SV
93%
2022/23 VfB Stuttgart verloren Hamburger SV
93%
2011/12 Hertha BSC gewonnen Fortuna Düsseldorf
91%
2023/24 VfL Bochum verloren Fortuna Düsseldorf
91%
2024/25 Heidenheim verloren Elversberg
89%
2018/19 VfB Stuttgart gewonnen 1. FC Union Berlin
82%
2008/09 Energie Cottbus gewonnen 1. FC Nürnberg
80%
2015/16 Eintracht Frankfurt verloren 1. FC Nürnberg
80%
2017/18 VfL Wolfsburg verloren Holstein Kiel
77%
2020/21 1. FC Köln verloren Holstein Kiel
77%
2019/20 Werder Bremen verloren 1. FC Heidenheim
76%
2014/15 Hamburger SV verloren Karlsruher SC
75%
2013/14 Hamburger SV verloren SpVgg Greuther Fürth
73%
2016/17 VfL Wolfsburg verloren Eintracht Braunschweig
71%
2012/13 TSG Hoffenheim verloren 1. FC Kaiserslautern
70%
2010/11 Mönchengladbach verloren VfL Bochum
69%
2009/10 1. FC Nürnberg verloren FC Augsburg
58%
1986/87 FC Homburg verloren FC St. Pauli
58%
1987/88 Waldhof Mannheim verloren Darmstadt 98
44%
1984/85 Arminia Bielefeld gewonnen 1. FC Saarbrücken
40%
1988/89 Eintracht Frankfurt verloren 1. FC Saarbrücken
40%
1989/90 VfL Bochum verloren 1. FC Saarbrücken
40%
1983/84 Eintracht Frankfurt verloren MSV Duisburg
39%
1982/83 FC Schalke 04 gewonnen Bayer Uerdingen
34%
1990/91 FC St. Pauli gewonnen Stuttgarter Kickers
21%
1981/82 Bayer Leverkusen verloren Kickers Offenbach
18%
1985/86 Borussia Dortmund verloren Fortuna Köln
17%
Keine übereinstimmenden Quizze gefunden
Verteilung der Resultate
Anzahl Personen mit jedem Resultat
Perzentil nach korrekt beantworteten Fragen
Ihre Resultats-Entwicklung
Sie haben dieses Quiz seit der letzten Aktualisierung nicht gespielt